Principio de precaucin̤ desafo̕s y escenarios de debate /

Detalles Bibliográficos
Autor principal: Rodrg̕uez, Gloria Amparo
Otros Autores: Vargas-Chaves, Ivǹ
Formato: eBook
Lenguaje:español
Publicado: Bogot:̀ Editorial Universidad de Rosario (Colombia), 2017
Materias:
Acceso en línea:Acceso restringido

MARC

LEADER 00000nam a22000007a 4500
005 20180330171537.0
007 cr|||| ||||
008 180330s2017 co |||||s|||| 00||0 spa d
020 |a 978-958-738-854-1 
035 |a 21149 
040 |a vLex 
090 |c 7576  |d 7576 
100 1 |a Rodrg̕uez, Gloria Amparo 
245 1 0 |a Principio de precaucin̤  |h [Recurso electrn̤ico] :  |b desafo̕s y escenarios de debate /  |c Gloria Amparo Rodrg̕uez, Ivǹ Vargas-Chaves 
256 |a Servicio en ln̕ea 
260 |a Bogot:̀  |b Editorial Universidad de Rosario (Colombia),  |c 2017 
300 |a 1 recurso electrn̤ico 
506 1 |a Disponible solo en los productos indicados  |d vLex Global  |d vLex Global (Academic Edition, excluding Law Schools)  |d vLex Global (U.S. Academic Edition, Law Schools)  |d vLex Global (U.S. Academic Edition, excluding Law Schools)  |d vLex Global (Academic Edition, Law Schools) 
650 0 4 |a Derecho del Medio Ambiente  |z Colombia 
700 1 |a Vargas-Chaves, Ivǹ 
740 0 |a vLex Libros (Servicio en ln̕ea) 
856 4 0 |u http://vlex.com/source/principio-precaucion-desafios-escenarios-debate-21149  |z Acceso restringido 
942 |c BOOK 
999 0 |a Environmental Law